Statistics for Fast food by slogan

Click here to take the quiz!

General Stats

  • This quiz has been taken 44 times
  • The average score is 9 of 15

Answer Stats

HintAnswer% Correct
It takes two hands to hold a whopperBurger king
98%
Finger lookin goodKFC
95%
No one out pizzas the hutPizza hut
95%
America Runs on dunkinDunkin Donuts
88%
where's the beefwendy's
86%
we have the meatsArby's
83%
Eat freshsubway
83%
Live masTaco bell
76%
Better ingriedients better pizzapapa johns
60%
Service at the speed of soundSonic
43%
Eatin good in the neighborhoodApplebees
36%
Feed your happyHardee's
31%
Quality you can tasteIn and out
24%
come hungry leave happyihop
21%
Always fresh never frozenFive Guys
12%

Score Distribution

Percentile by Number Answered

Percent of People with Each Score

Your Score History

You have not taken this quiz